00579nam a22001818a 450000500170000000800410001701000170005802000230007503500170009804000180011508200140013310000220014724500560016926000400022527000560026530000270032150000490034820010117122637.0010110s2001 nyu | 00| 0 eng  aB-270228-239 a8189913492c720.00 aB-270228-239 adplbEnglish  a025.00285 aPraven Singh, C.  aE-libraries in computer age /cby C. Praveen Singh  aNew Delhi bAlfa Publicationsc2008 a4398/5, Ansari Road, Daryaganj,bNew Delhi e110002 avi, 259p. c22cm (Hb)  aIncludes bibliographical reference and index